[Event "Ardid mem 10th op"]
[Site "Zaragoza"]
[Date "1998.??.??"]
[Round "7"]
[White "Del Rey, Diego"]
[Black "Glavina, Pablo"]
[Result "1-0"]
[WhiteElo "2350"]
[BlackElo "2425"]

1.d4 d5 2.c4 dxc4 3.Nf3 Nf6 4.e3 e6 5.Bxc4 c5 6.O-O a6 7.Bb3 b5 8.a4 b4 9.Nbd2 Bb7
10.Nc4 Nbd7 11.Qe2 Be7 12.Rd1 Qc7 13.Bd2 O-O 14.Nfe5 Nxe5 15.dxe5 Nd7 16.f4 Be4
17.a5 Rfd8 18.Be1 Nf8 19.Rdc1 Ra7 20.Bc2 Qc6 21.Nb6 f6 22.Ba4 Qb7 23.exf6 gxf6
24.Bb3 Kh8 25.Rd1 Bg6 26.Bh4 Kg7 27.Bc4 Bd6 28.b3 Bf5 29.Qb2 Qf7 30.Rd2 Bc7
31.Rxd8 Bxd8 32.Nc8 Ra8 33.Nd6 Qh5 34.Bf2 Bc7 35.Nxf5+ Qxf5 36.Qe2 e5 37.e4 Qxf4
38.Bxc5 Ng6 39.g3 Qg5 40.Kh1 h5 41.Be3 Qg4 42.Qxg4 hxg4 43.Bc5 Rb8 44.Ra4 Rd8
45.Bxb4 Rd1+ 46.Kg2 Nf4+ 47.gxf4 exf4 48.Be6 Rb1 49.Bxg4 Rb2+ 50.Kf1 Rxb3
51.Be1 Rb1 52.Be2 Be5 53.Bd3 Rb2 54.h4 Rh2 55.Bxa6 f3 56.Bb5 Bb8 57.Ra3 Rh1+
58.Kf2 Ba7+ 59.Kxf3 Rxe1 60.Rc3 Bd4 61.Rc4 Bg1 62.a6 Rb1 63.Ba4 Ra1 64.a7 Ra3+
65.Kg4 Bxa7 66.Rc7+ Kh6 67.Rxa7 Ra1 68.Ra6 Rg1+ 69.Kh3 Kh5 70.Be8+  1-0

[Event "Maalox Plus op"]
[Site "Brasilia"]
[Date "1999.01.24"]
[Round "6"]
[White "Sunye Neto, Jaime"]
[Black "Matsuura, Everaldo"]
[Result "1-0"]
[WhiteElo "2520"]
[BlackElo "2400"]

1.Nf3 d5 2.d4 Nf6 3.c4 dxc4 4.e3 e6 5.Bxc4 c5 6.O-O a6 7.a4 Nc6 8.Qe2 cxd4
9.Rd1 Be7 10.exd4 O-O 11.Nc3 Nb4 12.Bg5 Bd7 13.Ne5 Bc6 14.Nxc6 bxc6 15.a5 Nfd5
16.Bxe7 Qxe7 17.Ne4 Nc7 18.Nc5 Nb5 19.Qd2 Nd5 20.Rac1 Rfd8 21.Bxb5 cxb5 22.Nd3 Rac8
23.Rxc8 Rxc8 24.Rc1 Rxc1+ 25.Qxc1 Qc7 26.Qxc7 Nxc7 27.Nb4 Kf8 28.f4 Ke7 29.Kf2 Kd6
30.Kf3 f6 31.Ke4 f5+ 32.Kf3 h6 33.g3 Kd7 34.Kg2 Kd6 35.Kh3 g5 36.Kg2 gxf4
37.gxf4 Nd5 38.Nxa6 Nxf4+ 39.Kf3 Nd5 40.Ke2 h5 41.Kf3 h4 42.Nc5 e5 43.a6 exd4
44.a7 Nb6 45.Nd3 Kd5 46.b3 Ke6 47.Nf4+ Kd6 48.Ng6 h3 49.Nf4 Kc5 50.Nd3+ Kd5
51.Kf4 Ke6 52.Nf2 Nd5+ 53.Kf3  1-0

[Event "BL2-O9899"]
[Site "Germany"]
[Date "1999.01.31"]
[Round "5.2"]
[White "Alber, Horst"]
[Black "Kunze, Carlo"]
[Result "0-1"]
[WhiteElo "2325"]
[BlackElo "2355"]

1.d4 d5 2.c4 dxc4 3.Nf3 Nf6 4.e3 e6 5.Bxc4 c5 6.O-O a6 7.a4 Nc6 8.Qe2 cxd4
9.Rd1 Be7 10.exd4 O-O 11.Bg5 Nd5 12.Bxe7 Ncxe7 13.Nbd2 b6 14.Ne5 Bb7 15.Ne4 Nf5
16.a5 Nf4 17.Qg4 Qh4 18.Qxh4 Nxh4 19.f3 b5 20.Bf1 Nf5 21.Nc5 Bd5 22.g3 Ng6
23.Kf2 Rfd8 24.Rac1 Nge7 25.g4 Nd6 26.Rd2 Ra7 27.Rdc2 f6 28.Ned3 Nc4 29.Nf4 Nxa5
30.Nfxe6 Bxe6 31.Nxe6 Rd6 32.Re1 Nac6 33.Rce2 Kf7 34.f4 Nxd4 35.Nxd4 Rxd4
36.Kg3 Ng6 37.Rf2 Re7 38.Ra1 Re3+ 39.Rf3 Rxf3+ 40.Kxf3 Rxf4+ 41.Kg3 Rb4 42.Rxa6 Rb3+
43.Kf2 Rxb2+ 44.Ke3 Ne5 45.Ra7+ Kg6 46.Be2 Rb4 47.h3 Rb3+ 48.Kf4 Rxh3 49.Bxb5 Rf3+
50.Ke4 Rg3 51.Be8+ Kh6 52.Ra1 g6 53.Rh1+ Kg7 54.Ra1 Rxg4+ 55.Ke3 f5 56.Bb5 h5
57.Ba6 Kf6 58.Bb7 Rb4 59.Ba8 h4 60.Kf2 Rb2+ 61.Kg1 Kg5 62.Kh1 Ng4 63.Bc6  0-1

[Event "BL2-W9899"]
[Site "Germany"]
[Date "1999.01.31"]
[Round "5.3"]
[White "Kengis, Edvins"]
[Black "Balduan, Markus"]
[Result "1-0"]
[WhiteElo "2571"]
[BlackElo "2323"]

1.d4 d5 2.Nf3 Nf6 3.c4 dxc4 4.e3 e6 5.Bxc4 c5 6.O-O a6 7.Bd3 Nc6 8.Nc3 cxd4
9.exd4 Nb4 10.Bg5 Nxd3 11.Qxd3 Be7 12.Rfe1 O-O 13.Ne5 Nd7 14.Bxe7 Qxe7 15.Nc4 b5
16.Na5 Qd6 17.Ne4 Qb6 18.b4 Rd8 19.Qf3 Ra7 20.Nc6 Bb7 21.Nxd8 Qxd8 22.Qe3 Nb6
23.Nc5 Bd5 24.a4 bxa4 25.Nxa4 Nxa4 26.Rxa4 Qd7 27.Ra5 Qb7 28.Qd2 h6 29.f3 Qb6
30.Rc5 Ra8 31.Qc3 Kh7 32.Rc7 Ra7 33.Rxa7 Qxa7 34.Ra1 g6 35.b5 e5 36.Rxa6 Qb7
37.Qc5 exd4 38.Ra7 Qb8 39.Ra1 Qe5 40.Rf1 Qe3+ 41.Kh1 Qe2 42.Rg1 Bb7 43.Qxd4 Qxb5
44.Qf6 Bd5 45.h3 Qc6 46.Qxc6 Bxc6 47.Kh2 g5 48.Kg3 Kg6 49.Rd1 f6 50.Rd6 Bb7
51.h4 gxh4+ 52.Kxh4 Ba8 53.Kg4 Bb7 54.Kf4 Ba8 55.g4 Bb7 56.Kg3 Bc8 57.Kh4 Bb7
58.f4 Bf3 59.f5+ Kg7 60.Rd7+  1-0

[Event "Goodricke 10th op"]
[Site "Calcutta"]
[Date "1999.02.06"]
[Round "1"]
[White "Gleizerov, Evgeny"]
[Black "Ganguly, Surya Shekhar"]
[Result "1-0"]
[WhiteElo "2515"]
[BlackElo "2340"]

1.d4 d5 2.c4 dxc4 3.e3 Nf6 4.Bxc4 e6 5.Nf3 c5 6.Qe2 a6 7.dxc5 Bxc5 8.O-O O-O
9.e4 b5 10.Bb3 Bb7 11.Nbd2 Qc7 12.e5 Nfd7 13.Re1 Nc6 14.Bc2 Ne7 15.Bxh7+ Kxh7
16.Ng5+ Kg8 17.Qh5 Bxf2+ 18.Kh1 Qc2 19.Nde4 Bxe4 20.Rxe4 Rfc8 21.Qxf7+ Kh8
22.Qh5+ Kg8 23.Be3 Nf5 24.Qh7+ Kf8 25.Qg6 Nxe5 26.Qxe6  1-0

[Event "Goodricke 10th op"]
[Site "Calcutta"]
[Date "1999.02.07"]
[Round "2"]
[White "Kidambi, Sundararajan"]
[Black "Shankar, Roy"]
[Result "1/2-1/2"]
[WhiteElo "2350"]
[BlackElo "2390"]

1.d4 d5 2.c4 dxc4 3.Nf3 Nf6 4.e3 e6 5.Bxc4 c5 6.O-O Nc6 7.Qe2 cxd4 8.Rd1 Be7
9.exd4 O-O 10.Nc3 Na5 11.Bd3 b6 12.Bg5 Bb7 13.Ne5 Rc8 14.Rac1 Nd5 15.Bd2 Nxc3
16.bxc3 Qd5 17.Qg4 f5 18.Qg3 Bf6 19.Bf4 Rfd8 20.Rd2 Bxe5 21.Bxe5 Rd7 22.Re2 Nc6
23.Rce1 Nxe5 24.Rxe5 Qxa2 25.Rxe6 Be4 26.Qe5 Rf8 27.Re8 Rf7 28.Rxf8+ Rxf8
29.Bxe4 fxe4 30.Rf1 Qc4 31.d5 e3 32.Qe6+ Kh8 33.Qe7 Kg8 34.Qe6+ Kh8 35.Qe7  1/2-1/2

[Event "RUS-Cup03 (Geller mem)"]
[Site "Moscow"]
[Date "1999.02.07"]
[Round "6"]
[White "Korobov, Ilya"]
[Black "Zaitsev, Vadim"]
[Result "1-0"]
[WhiteElo "2372"]
[BlackElo "2412"]

1.d4 d5 2.c4 e6 3.Nf3 dxc4 4.e3 Nf6 5.Bxc4 c5 6.Qe2 Nc6 7.O-O a6 8.dxc5 Bxc5
9.e4 Nd4 10.Nxd4 Qxd4 11.Nd2 Qe5 12.Bd3 b5 13.Nf3 Qc7 14.Bg5 Bb7 15.Rac1 Qb6
16.a4 O-O 17.a5 Qa7 18.Bxf6 gxf6 19.e5 Bxf3 20.Bxh7+ Kxh7 21.Qxf3 Rg8 22.Qh5+ Kg7
23.exf6+ Kxf6 24.Rxc5 Rg6 25.Qe5+  1-0

[Event "Goodricke 10th op"]
[Site "Calcutta"]
[Date "1999.02.10"]
[Round "5"]
[White "Soham, Das"]
[Black "Ganguly, Surya Shekhar"]
[Result "0-1"]
[WhiteElo "2055"]
[BlackElo "2340"]

1.d4 d5 2.c4 dxc4 3.e3 Nf6 4.Bxc4 e6 5.Nf3 c5 6.Qe2 a6 7.dxc5 Bxc5 8.O-O Qc7
9.e4 b5 10.Bd3 Ng4 11.Nbd2 Nc6 12.Nb3 Bd6 13.h3 Nge5 14.Nxe5 Nxe5 15.Bc2 Nc4
16.Bd3 Bb7 17.f4 O-O 18.Kh1 Rfd8 19.Nd2 Rac8 20.e5 Bb4 21.Ne4 Qc6 22.Bb1 Rd4
23.Ng5 Nd2 24.Bxh7+ Kf8 25.Rg1 g6 26.a3 Ne4 27.Nxe4 Rxe4 28.Be3 Bc5 29.Bxc5+ Qxc5
30.Qd2 Rd4 31.Qe2 Kg7  0-1

[Event "RUS-Cup03 (Geller mem)"]
[Site "Moscow"]
[Date "1999.02.10"]
[Round "9"]
[White "Volzhin, Alexander"]
[Black "Zakharov, Alexander S"]
[Result "1/2-1/2"]
[WhiteElo "2543"]
[BlackElo "2430"]

1.d4 d5 2.Nf3 Nf6 3.c4 dxc4 4.e3 e6 5.Bxc4 c5 6.O-O a6 7.dxc5 Bxc5 8.Qxd8+ Kxd8
9.Nbd2 Nbd7 10.Be2 Ke7 11.Nb3 Bd6 12.Nfd4 Nc5 13.Nxc5 Bxc5 14.Nb3 Bd6 15.Bf3 Nd7
16.Rd1 Rb8 17.Bd2 Ne5 18.Be2 Bd7 19.Bc3 f6 20.Rac1 Nc6 21.Rd2 Rhd8 22.Rcd1 Be8
23.Bf3 Bc7 24.Rxd8 Bxd8 25.Nd4 Rc8 26.h3 Nxd4 27.Rxd4  1/2-1/2

[Event "RUS-Cup03 (Geller mem)"]
[Site "Moscow"]
[Date "1999.02.13"]
[Round "4"]
[White "Iskusnyh, Sergei"]
[Black "Dolinskij, Boris"]
[Result "1-0"]
[WhiteElo "2486"]
[BlackElo "2376"]

1.Nf3 d5 2.d4 e6 3.c4 dxc4 4.e3 Nf6 5.Bxc4 c5 6.Qe2 a6 7.dxc5 Bxc5 8.e4 b5
9.Bd3 Nbd7 10.O-O Bb7 11.a4 b4 12.Nbd2 Qc7 13.Nc4 O-O 14.Bg5 Rac8 15.Rac1 Qb8
16.Na5 Ba8 17.Bxa6 Bxe4 18.Bxc8 Rxc8 19.Nb3 Bd6 20.Nbd2 Bd5 21.Bh4 e5 22.Bg3 Nh5
23.Nc4 Nxg3 24.hxg3 Re8 25.Rfd1 Bxc4 26.Qxc4 e4 27.Ng5 e3 28.Qxf7+ Kh8 29.Qxd7 exf2+
30.Kf1 Bxg3 31.Qxe8+  1-0

[Event "RUS-Cup03 (Geller mem)"]
[Site "Moscow"]
[Date "1999.02.14"]
[Round "5"]
[White "Mitenkov, Alexey"]
[Black "Afonin, Alexey"]
[Result "1/2-1/2"]
[WhiteElo "2425"]
[BlackElo "2288"]

1.d4 d5 2.c4 dxc4 3.Nf3 Nf6 4.e3 e6 5.Bxc4 c5 6.O-O a6 7.a4 Nc6 8.Qe2 cxd4
9.Rd1 Be7 10.exd4 O-O 11.Nc3 Nd5 12.Bd3 Ncb4 13.Bb1 b6 14.Ne5 Bb7 15.Ra3 f5
16.Qh5 Rc8 17.Nxd5 Qxd5 18.Rg3 Bf6 19.Bf4 Nc2 20.Nf3 g6 21.Be5 Bg7 22.Rxg6 hxg6
23.Qxg6 Rf7 24.Bxc2 Rxc2 25.Bxg7  1/2-1/2

[Event "Zuglo Hotel op"]
[Site "Budapest"]
[Date "1999.02.19"]
[Round "1"]
[White "Gladyszev, Oleg"]
[Black "Neber, Akos"]
[Result "1-0"]
[WhiteElo "2388"]
[BlackElo "2174"]

1.d4 d5 2.c4 dxc4 3.Nf3 Nf6 4.e3 e6 5.Bxc4 c5 6.O-O a6 7.Bd3 Nc6 8.Nc3 cxd4
9.exd4 Be7 10.Bg5 O-O 11.Rc1 Nb4 12.Bb1 b6 13.Bxf6 Bxf6 14.Qb3 Nd5 15.Nxd5 exd5
16.Ne5 Be6 17.f4 Rc8 18.Qd3 g6 19.Qxa6 Qd6 20.Qb5 Bg7 21.Rfe1 f6 22.Rc6 Rxc6
23.Qxc6 Qxc6 24.Nxc6 Kf7 25.Kf2 Rc8 26.Nb4 Rc4 27.Nc2 h5 28.g3 Bh6 29.b3 Rc3
30.Ne3 Rc6 31.Bd3 Rc3 32.Ke2 Rc7 33.Kd2 Bf8 34.Nc2 Bd7 35.a3 Ra7 36.b4 Ba4
37.Ne3 Bc6 38.Rc1 Ba8 39.Rc3 Bd6 40.h4 Bb7 41.Kc2 Ra8 42.Be2 Ke6 43.Bf3 Rh8
44.Nxd5 Bxd5 45.Re3+ Kd7 46.Bxd5 Rh7 47.Kd3 Re7 48.Rxe7+ Kxe7 49.Kc4 g5 50.hxg5 fxg5
51.fxg5 Bxg3 52.Kb5 Bc7 53.Kc6 Bd8 54.Bf3 h4 55.Bg4 Kf7 56.Bf5 h3 57.Bxh3 Kg6
58.d5 Kxg5 59.Kd7 Bf6 60.d6 Kf4 61.Kc8 Ke5  1-0

[Event "Chess Masters 3rd"]
[Site "Enghien-les-Bains"]
[Date "1999.03.03"]
[Round "1"]
[White "Rausis, Igors"]
[Black "Sadler, Matthew"]
[Result "0-1"]
[WhiteElo "2508"]
[BlackElo "2667"]

1.Nf3 d5 2.d4 Nf6 3.c4 dxc4 4.e3 e6 5.Bxc4 c5 6.O-O a6 7.b3 Nbd7 8.Bb2 Be7
9.dxc5 Bxc5 10.Nbd2 O-O 11.Be2 b6 12.a3 Bb7 13.b4 Bd6 14.Nc4 Bc7 15.Qd4 Qe7
16.Rac1 Rfd8 17.Qh4 Rac8 18.Rfd1 Nf8 19.Rxd8 Rxd8 20.Nce5 Bxe5 21.Nxe5 Ng6
22.Nxg6 hxg6 23.Bd4 Rd6 24.Qf4 Ne4 25.Bf3 g5 26.Qg4 f5 27.Qh5 e5 28.Bxe4 Rh6
29.Qe2 Bxe4 30.Bb2 g4 31.Qxa6 Kh7 32.Qc8 g3 33.fxg3 Qg5 34.Qc3 Qh5 35.Kf2 Qxh2
36.Rg1 Rc6 37.Qxe5 Rc2+ 38.Kf1 Bd3+  0-1

[Event "Alushta"]
[Site "Alushta"]
[Date "1999.03.04"]
[Round "2"]
[White "Khomyakov, Vladimir"]
[Black "Svetushkin, Dmitry"]
[Result "1-0"]
[WhiteElo "2380"]
[BlackElo "2471"]

1.d4 d5 2.c4 dxc4 3.Nf3 Nf6 4.e3 e6 5.Bxc4 c5 6.O-O a6 7.b3 Nbd7 8.Bb2 Be7
9.dxc5 Bxc5 10.Nbd2 O-O 11.Ng5 Bd6 12.Rc1 b5 13.Nde4 Nxe4 14.Nxe4 Bb8 15.Bd3 Bb7
16.Qh5 Ne5 17.Bb1 Nd3 18.Bxd3 Qxd3 19.Nc5 Qd5 20.Qxd5 Bxd5 21.e4 Bf4 22.exd5 Bxc1
23.Rxc1 exd5 24.Kf1 Rfe8 25.Re1 a5 26.Re3 a4 27.b4 Rxe3 28.fxe3 f6 29.Ke2 Kf7
30.Bd4 Rc8 31.Kd2 Ke7 32.Nd3 Rc4 33.Nf4 Kd6 34.a3 Rc7 35.g4 Rc8 36.h3 Re8
37.Nh5 Rg8 38.Kd3 Ke6 39.Bc3 Kf7 40.Nf4 Rd8 41.Kd4 g6 42.Bb2 Rc8 43.Kd3 Rd8
44.Bd4 h5 45.gxh5 g5 46.Ne2 Rh8 47.Ng3 Ke6 48.e4 Rh6 49.Nf5 Rh7 50.h6 Rd7
51.h4 gxh4 52.Nxh4 dxe4+ 53.Kxe4 Kf7 54.h7 Rd8 55.Nf5 Rh8 56.Kd5 Rxh7 57.Nd6+ Ke7
58.Nxb5 Rh5+ 59.Kc4 f5 60.Nc3 Rh3 61.b5 Kd7 62.Bc5 Rh4+ 63.Kd5 f4 64.Ne4 f3
65.Bd4 Kc7 66.Nf2 Kb7 67.Kc4 Rh5 68.Nd3 Rh4 69.Kc3 Rh5 70.Kc4 Rh4  1-0

[Event "Alushta"]
[Site "Alushta"]
[Date "1999.03.11"]
[Round "9"]
[White "Korotylev, Alexey"]
[Black "Svetushkin, Dmitry"]
[Result "1/2-1/2"]
[WhiteElo "2440"]
[BlackElo "2471"]

1.d4 d5 2.Nf3 Nf6 3.c4 dxc4 4.e3 e6 5.Bxc4 c5 6.O-O a6 7.a4 Nc6 8.Qe2 Qc7
9.Nc3 Bd6 10.b3 O-O 11.Bb2 Na5 12.d5 Nxc4 13.bxc4 exd5 14.cxd5 Bg4 15.h3 Bh5
16.a5 Qd7 17.Rfd1 Rae8 18.Ra4 Re5 19.g4 Bg6 20.Nxe5 Bxe5 21.Ra3 Bd6 22.e4 Re8
23.f3 h5 24.g5 Nh7 25.Qg2 h4 26.Bc1 Bh5 27.Ne2 Qc7 28.Rf1 c4 29.Ra2 c3 30.Rc2 Qxa5
31.Rxc3 Nf8 32.Rb3 b5 33.Nf4 Bg6 34.Qc2 Qa4 35.Rc3 Qd4+ 36.Be3 Qe5 37.Nd3 Bxe4
38.Nxe5 Bxc2 39.Rxc2 Rxe5 40.Bf4 Rxd5 41.Bxd6 Rxd6 42.Rc8 f6 43.f4 Kf7 44.Rc7+ Kg8
45.Rb7 fxg5 46.fxg5 Ne6 47.g6 Nf8 48.Rb8 Rxg6+ 49.Kh2 Rf6 50.Rxf6 gxf6 51.Rb6 Kg7
52.Rxa6 Kg6 53.Rb6 Kg5 54.Rxb5+ f5 55.Kg2 Ng6 56.Rb3 Nf4+ 57.Kf2 Ng6 58.Ra3 Nf4
59.Rf3 Ng6 60.Ke3 Kf6 61.Rf1 Kg5 62.Rg1+ Kh6 63.Kf3 Kh5 64.Ke3 Kh6 65.Rf1 Kg5
66.Kd4 Nf4 67.Rf3 Ng6 68.Kd5 Nf4+ 69.Ke5 Ng6+ 70.Kd4  1/2-1/2

[Event "AUT-chT2M 9899"]
[Site "Austria"]
[Date "1999.03.14"]
[Round "11"]
[White "Hager, Franz"]
[Black "Trauner, Rudolf"]
[Result "1/2-1/2"]
[WhiteElo "2240"]
[BlackElo "2255"]

1.Nf3 d5 2.d4 Nf6 3.c4 dxc4 4.e3 e6 5.Bxc4 c5 6.O-O Nc6 7.Qe2 cxd4 8.Rd1 Be7
9.exd4 O-O 10.Nc3 Na5 11.Bd3 b6 12.Bg5 Bb7 13.Rac1 Rc8 14.Ne5  1/2-1/2

[Event "Novgorod op"]
[Site "Novgorod"]
[Date "1999.03.20"]
[Round "2"]
[White "Sorokin, Maxim"]
[Black "Karpatchev, Aleksandr"]
[Result "1-0"]
[WhiteElo "2551"]
[BlackElo "2477"]

1.d4 d5 2.c4 dxc4 3.Nf3 Nf6 4.e3 e6 5.Bxc4 c5 6.O-O a6 7.Bb3 Nc6 8.Nc3 cxd4
9.exd4 Na5 10.Bc2 b5 11.Bg5 Be7 12.Qe2 Bb7 13.Rad1 Nd5 14.Ne4 Rc8 15.h4 h6
16.Bxe7 Qxe7 17.Nc5 O-O 18.Qd3 Nf6 19.Ne5 Rfd8 20.Ng4 Bd5 21.Nxf6+ Qxf6 22.Qh7+ Kf8
23.Nd7+ Rxd7 24.Qh8+ Ke7 25.Qxc8 Qxh4 26.Rd3 Nc6 27.Rfd1 Qe4 28.f3 Qe2 29.Bb3 Bc4
30.Bxc4 bxc4 31.R3d2 Qe3+ 32.Kf1 c3 33.Re2 Rxd4 34.Rxe3 Rxd1+ 35.Kf2 c2 36.Qc7+ Kf6
37.Qf4+ Ke7 38.Rc3 Nd4 39.Rxc2 Nxc2 40.Qc7+  1-0

[Event "Bled op"]
[Site "Bled"]
[Date "1999.03.23"]
[Round "4"]
[White "Balinov, Ilija"]
[Black "Grosar, Kiti"]
[Result "1-0"]
[WhiteElo "2434"]
[BlackElo "2214"]

1.d4 d5 2.c4 dxc4 3.e3 Nf6 4.Nf3 e6 5.Bxc4 c5 6.Qe2 Nc6 7.O-O Qc7 8.a3 cxd4
9.exd4 Be7 10.Nc3 O-O 11.Bg5 a6 12.Rad1 b5 13.Bd3 Nd5 14.Qe4 g6 15.Nxd5 exd5
16.Qxd5 Be6 17.Qe4 Rfd8 18.Qh4 Bd5 19.Be4 Qa7 20.Rfe1 Bxe4 21.Rxe4 Bxg5 22.Nxg5 f5
23.Rf4 Rd6 24.Nf3 Qg7 25.Qg3 Rad8 26.h4 Qa7 27.h5 Nxd4 28.Nxd4 Rxd4 29.Rdxd4 Rxd4
30.Rxf5 Qb6 31.Rg5 Kg7 32.Qe5+ Qf6 33.hxg6 hxg6 34.Qc7+ Kh6 35.Rg3 Rh4 36.Qc1+ Kh7
37.Qe1 Rh5 38.Re3 Qd6 39.g3  1-0

[Event "Novgorod op"]
[Site "Novgorod"]
[Date "1999.03.23"]
[Round "5"]
[White "Iskusnyh, Sergei"]
[Black "Vaulin, Alexander"]
[Result "1/2-1/2"]
[WhiteElo "2486"]
[BlackElo "2547"]

1.d4 d5 2.c4 dxc4 3.Nf3 e6 4.e3 Nf6 5.Bxc4 c5 6.Qe2 Nc6 7.O-O cxd4 8.exd4 Be7
9.Rd1 O-O 10.Nc3 Na5 11.Bd3 b6 12.Qe5 Bd6 13.Qg5 Bb7 14.Ne5 Nd5 15.Qg3 f5
16.Bh6 Qe7 17.Bg5 Qe8 18.Re1 Rc8 19.Rac1 Nxc3 20.bxc3 Bd5 21.Bf4 b5 22.a4 a6
23.axb5 axb5 24.Ra1 Nc4 25.Bxc4 bxc4 26.Ra6 Bxe5 27.Bxe5 Qf7 28.Rea1 Ra8
29.Rxa8  1/2-1/2

[Event "Novgorod op"]
[Site "Novgorod"]
[Date "1999.03.24"]
[Round "6"]
[White "Ovod, Evgenija"]
[Black "Dokuchaev, Aleksander"]
[Result "1/2-1/2"]
[WhiteElo "2290"]
[BlackElo "2443"]

1.d4 d5 2.c4 dxc4 3.e3 e6 4.Bxc4 Nf6 5.Nf3 c5 6.Qe2 Nc6 7.O-O cxd4 8.exd4 Be7
9.Rd1 O-O 10.Nc3 Nb4 11.Bg5 a6 12.a4 Nfd5 13.Nxd5 Nxd5 14.Bxd5 Bxg5 15.Be4 Bf6
16.Ne5 a5 17.Ra3 g6 18.h4 Bxh4 19.d5 Qd6 20.Bf3 Bf6 21.Ng4 Bg7 22.dxe6 Qxe6
23.Ne3 Qe5 24.Rb3 Be6 25.Rb5 Qf4 26.Bxb7 Rab8 27.b3 Qc7  1/2-1/2

[Event "Novgorod op"]
[Site "Novgorod"]
[Date "1999.03.25"]
[Round "7"]
[White "Dokuchaev, Aleksander"]
[Black "Danielian, Elina"]
[Result "1-0"]
[WhiteElo "2443"]
[BlackElo "2353"]

1.d4 d5 2.Nf3 Nf6 3.c4 dxc4 4.e3 e6 5.Bxc4 c5 6.Qe2 Nc6 7.O-O a6 8.dxc5 Bxc5
9.e4 b5 10.Bb3 Qb6 11.e5 Nd7 12.Bf4 O-O 13.Nbd2 Bb7 14.Rad1 Rfd8 15.Ne4 Be7
16.Nd6 Nc5 17.Be3 Bxd6 18.Rxd6 Rxd6 19.exd6 Nd8 20.Rc1 Rc8 21.d7 Rc6 22.Qc2 Nxb3
23.Bxb6 Nxc1 24.Bxd8 Rxc2 25.Bg5  1-0

[Event "MI Festival GM"]
[Site "Bucharest"]
[Date "1999.04.01"]
[Round "12"]
[White "Ionescu, Constantin"]
[Black "Svetushkin, Dmitry"]
[Result "1/2-1/2"]
[WhiteElo "2482"]
[BlackElo "2471"]

1.d4 d5 2.c4 dxc4 3.Nf3 Nf6 4.e3 e6 5.Bxc4 c5 6.O-O a6 7.Bb3 b5 8.a4 Bb7
9.axb5 axb5 10.Rxa8 Bxa8 11.dxc5 Qxd1 12.Rxd1 Bxc5 13.Nc3 b4 14.Na4 Be7 15.Nb6 Bb7
16.Ba4+ Bc6 17.Ne5 Bxa4 18.Nxa4 O-O 19.f3 Rc8  1/2-1/2

[Event "Mar del Plata op 30th"]
[Site "Mar del Plata"]
[Date "1999.04.02"]
[Round "7"]
[White "Rubinetti, Jorge A"]
[Black "Piscicelli, Daniel"]
[Result "0-1"]
[WhiteElo "2432"]
[BlackElo "2350"]

1.d4 d5 2.c4 dxc4 3.e3 Nf6 4.Bxc4 e6 5.Nf3 c5 6.Qe2 a6 7.dxc5 Bxc5 8.O-O Qc7
9.e4 Ng4 10.Nc3 Nc6 11.g3 O-O 12.Bf4 Nge5 13.Nxe5 Nxe5 14.Bb3 f6 15.Rac1 Qe7
16.Rfd1 Bd7 17.Kg2 Rac8 18.f3 Rfd8 19.a3 Be8 20.Be3 Bxe3 21.Qxe3 Bh5 22.g4 Bf7
23.Rxd8+ Rxd8 24.Rd1 Rxd1 25.Nxd1 g5 26.Nf2 Kg7 27.h4 Ng6 28.hxg5 fxg5 29.Nd3 Qd6
30.Bc2 Nf4+ 31.Nxf4 gxf4 32.e5 Qc6 33.Qd2 Qb5 34.Be4 b6 35.Qxf4 Qxb2+ 36.Kg3 Qxa3
37.Qf6+ Kf8 38.Qd8+ Kg7 39.Qxb6 Qa1 40.Kf4 Qc1+ 41.Qe3 Qb2 42.Qd3 a5 43.Qc2 Qb4
44.Qh2 Bg6 45.Kg5 Qe7+ 46.Kf4 Bxe4 47.Kxe4 a4 48.f4 Qb4+ 49.Kf3 Qc3+ 50.Ke4 Qc4+
51.Ke3 a3 52.Qh4 Qc3+ 53.Ke4 Qc4+ 54.Ke3 Qc5+ 55.Ke4 Qf8 56.Qe1 Qa8+ 57.Kd3 a2
58.Qa1 Qa3+ 59.Kc2 Qa4+ 60.Kb2 Qxf4 61.Qe1 Qa4 62.Ka1 Qb3  0-1

[Event "Czerniak mem 15th"]
[Site "Tel Aviv"]
[Date "1999.04.03"]
[Round "4"]
[White "Bykhovsky, Avigdor"]
[Black "Zifroni, Dov"]
[Result "0-1"]
[WhiteElo "2453"]
[BlackElo "2501"]

1.d4 d5 2.c4 dxc4 3.Nf3 Nf6 4.e3 e6 5.Bxc4 c5 6.Qe2 a6 7.dxc5 Bxc5 8.O-O b5
9.Rd1 Nbd7 10.Bd3 Bb7 11.a4 b4 12.Nbd2 Qc7 13.b3 Nd5 14.Bb2 Nc3 15.Bxc3 bxc3
16.Nc4 Bb4 17.Ne1 a5 18.Na3 Ke7 19.Nb5 Qe5 20.Rac1 Rhd8 21.Nf3 Qc5 22.Nfd4 Ne5
23.f4 Nxd3 24.Qxd3 Rac8 25.Qxh7 c2 26.Rf1 Bd2 27.Qh4+ g5 28.fxg5 Bxe3+ 29.Kh1 Rxd4
30.Nxd4 Qxd4 31.Qh7 Bf4 32.g6 Qf6 33.g7 Bxg2+ 34.Kxg2 Qg5+ 35.Kh1 Bxc1 36.Rxf7+ Kd6
37.g8=Q Rxg8 38.Rd7+ Ke5  0-1

[Event "Budapest FS04 GM"]
[Site "Budapest"]
[Date "1999.04.05"]
[Round "3"]
[White "Riazantsev, Alexander"]
[Black "Zontakh, Andrey"]
[Result "0-1"]
[WhiteElo "2387"]
[BlackElo "2530"]

1.d4 d5 2.c4 dxc4 3.Nf3 Nf6 4.e3 e6 5.Bxc4 c5 6.O-O a6 7.Qe2 b5 8.Bb3 Bb7
9.Rd1 Nbd7 10.Nc3 Qb8 11.d5 Nxd5 12.Nxd5 Bxd5 13.Bxd5 exd5 14.Rxd5 Be7 15.e4 Qb7
16.Bg5 f6 17.Bf4 O-O 18.Rad1 Nb6 19.R5d2 Rfe8 20.Ne1 c4 21.Nc2 Bc5 22.Re1 Qf7
23.Qg4 Qg6 24.Qf3 Ra7 25.Be3 Bxe3 26.Qxe3 Rd7 27.f3 Rxd2 28.Qxd2 Qf7 29.Ne3 Nd7
30.b3 Ne5 31.bxc4 Nxc4 32.Qd5 Nxe3 33.Qxf7+ Kxf7 34.Rxe3 a5 35.Rc3 Rd8 36.Rc5 Rd2
37.Rxb5 Rxa2 38.Rb7+ Kg6 39.Ra7 a4 40.f4 a3 41.e5 Kf5 42.exf6 gxf6 43.h3 Kxf4
44.Rxh7 Rc2 45.Ra7 a2 46.Kh2 f5 47.Ra4+ Ke3 48.h4 Kd3 49.h5 Kc3 50.h6 Kb3
51.h7 Rc8 52.Ra6 Rh8 53.Kg3 Rxh7 54.Rb6+ Kc2 55.Ra6 Kb2 56.Rb6+ Ka1 57.Rb5 Rh1
58.Rxf5 Kb2 59.Rf2+ Kb3 60.Rxa2 Kxa2 61.Kf4 Kb3 62.g4 Kc4 63.Ke5 Rg1  0-1

[Event "St Petersburg-ch"]
[Site "St Petersburg"]
[Date "1999.04.14"]
[Round "9"]
[White "Biriukov, Oleg V"]
[Black "Begunov, K."]
[Result "1/2-1/2"]
[WhiteElo "2407"]
[BlackElo "2310"]

1.d4 d5 2.c4 dxc4 3.Nf3 Nf6 4.e3 e6 5.Bxc4 c5 6.O-O a6 7.Bb3 Nc6 8.Nc3 cxd4
9.exd4 Be7 10.Re1 Na5 11.Bc2 b5 12.Ne5 Bb7 13.Bg5 Rc8 14.Qe2 O-O 15.Qd3 g6
16.Bh6 Re8 17.a3 Nc4  1/2-1/2

[Event "ISR-chT"]
[Site "Israel"]
[Date "1999.04.16"]
[Round "8"]
[White "Mikhalevski, Alexander"]
[Black "Har Zvi, Ronen"]
[Result "0-1"]
[WhiteElo "2495"]
[BlackElo "2503"]

1.d4 d5 2.c4 dxc4 3.Nf3 e6 4.e3 Nf6 5.Bxc4 c5 6.Qe2 a6 7.dxc5 Bxc5 8.O-O b5
9.Bd3 Nc6 10.Nbd2 Bb7 11.a4 bxa4 12.Rxa4 Nb4 13.Bc4 O-O 14.Nb3 Bd6 15.Bd2 a5
16.Rfa1 Bc7 17.Nfd4 Nfd5 18.Qg4 Nb6 19.Rxa5 Nxc4 20.Rxa8 Bxa8 21.Bxb4 Bxh2+
22.Kxh2 Qb8+ 23.Qg3 Qxb4 24.Ra7 Qb6 25.Re7 Nd6 26.Rd7 Ne4 27.Qf4 Nf6 28.Rd6 Qb8
29.f3 Nd5 30.Qe5 Nxe3 31.Nc5 Nc4  0-1

[Event "Metz op"]
[Site "Metz"]
[Date "1999.04.23"]
[Round "7"]
[White "Haik, Aldo"]
[Black "Magem Badals, Jorge"]
[Result "0-1"]
[WhiteElo "2399"]
[BlackElo "2557"]

1.d4 d5 2.c4 dxc4 3.Nf3 Nf6 4.e3 e6 5.Bxc4 c5 6.O-O Nc6 7.Qe2 cxd4 8.Rd1 Be7
9.exd4 O-O 10.Nc3 Na5 11.Bd3 b6 12.Ne5 Bb7 13.Bc2 Rc8 14.Qd3 Nc6 15.Qg3 Nb4
16.Bb1 Nbd5 17.Bh6 Nh5 18.Qd3 f5 19.Bd2 Ndf4 20.Qb5 Nxg2 21.d5 exd5 22.Kxg2 d4+
23.f3 dxc3 24.bxc3 Bg5 25.Qb3+ Bd5 26.c4 Bxd2 27.cxd5 Nf4+ 28.Kh1 Qg5 29.Rg1 Rc1
30.d6+ Kh8  0-1

[Event "Metz op"]
[Site "Metz"]
[Date "1999.04.25"]
[Round "9"]
[White "Agrest, Evgenij"]
[Black "Magem Badals, Jorge"]
[Result "1-0"]
[WhiteElo "2533"]
[BlackElo "2557"]

1.d4 d5 2.c4 dxc4 3.Nf3 Nf6 4.e3 e6 5.Bxc4 c5 6.Qe2 cxd4 7.exd4 Nc6 8.O-O Be7
9.Be3 O-O 10.Nc3 Na5 11.Bd3 b6 12.Rad1 Bb7 13.Ne5 Rc8 14.f4 Nd5 15.f5 Nxe3
16.Qxe3 Bg5 17.Qf2 Bh4 18.Qf4 Qg5 19.Ne4 Qxf4 20.Rxf4 exf5 21.Nd6 Bg5 22.Rxf5 Be3+
23.Kh1 Bxd4 24.b4 g6 25.Nxc8 gxf5 26.Ne7+ Kh8 27.Nd7 Rd8 28.Bxf5 Bf6 29.Nd5 Rxd7
30.Bxd7 Bxd5 31.Rxd5 Nc4 32.Bb5 Ne5 33.Be2 Kg7 34.b5  1-0

[Event "ISR-chT"]
[Site "Israel"]
[Date "1999.05.08"]
[Round "11"]
[White "Avrukh, Boris"]
[Black "Har Zvi, Ronen"]
[Result "1/2-1/2"]
[WhiteElo "2609"]
[BlackElo "2503"]

1.d4 d5 2.c4 dxc4 3.e3 Nf6 4.Bxc4 e6 5.Nf3 c5 6.O-O a6 7.Bb3 Nc6 8.Nc3 cxd4
9.exd4 Be7 10.a3 O-O 11.Re1 b5 12.d5 Nxd5 13.Nxd5 exd5 14.Bxd5 Bb7 15.Ne5 Nxe5
16.Bxb7 Ra7 17.Be4 Bf6 18.Qb3 Rd7 19.Qh3 g6 20.Bh6 Bg7 21.Bxg7 Kxg7 22.Bc2 Qf6
23.Qc3 Nd3 24.Qxf6+  1/2-1/2

[Event "Capablanca mem Elite"]
[Site "Havana"]
[Date "1999.05.13"]
[Round "6"]
[White "Baburin, Alexander"]
[Black "Godena, Michele"]
[Result "1-0"]
[WhiteElo "2586"]
[BlackElo "2552"]

1.d4 d5 2.c4 c6 3.e3 Nf6 4.Bd3 e6 5.Nf3 dxc4 6.Bxc4 c5 7.O-O a6 8.Bd3 b6
9.dxc5 Bxc5 10.a3 Bb7 11.b4 Be7 12.Bb2 O-O 13.Qe2 Nbd7 14.Nbd2 a5 15.bxa5 Rxa5
16.Bb5 Qb8 17.a4 Ra7 18.Rfd1 Ba8 19.Nc4 Rc8 20.Nfe5 Nc5 21.f3 Nxa4 22.Rxa4 Rxa4
23.Bxa4 b5 24.Nd7 Nxd7 25.Rxd7 Rxc4 26.Rxe7 Rxa4 27.Qd2 Rc4 28.Rxf7 Rc7 29.Rd7 Bd5
30.Be5  1-0

[Event "Capablanca mem Elite"]
[Site "Havana"]
[Date "1999.05.14"]
[Round "7"]
[White "Nogueiras, Jesus"]
[Black "Baburin, Alexander"]
[Result "1/2-1/2"]
[WhiteElo "2540"]
[BlackElo "2586"]

1.Nf3 d5 2.d4 Nf6 3.c4 dxc4 4.e3 e6 5.Bxc4 c5 6.O-O a6 7.Bb3 cxd4 8.exd4 Nc6
9.Nc3 Be7 10.Re1 O-O 11.Bg5 b5 12.d5 Nxd5 13.Bxd5 exd5 14.Qxd5 Qxd5 15.Nxd5 Bxg5
16.Nxg5 Bb7  1/2-1/2